000 00478nam a22001817a 4500
005 20251108171855.0
008 250721s1986 xx 000 0 ara d
082 1 4 _a811.9611/منص
100 1 _aالمزعني، منصف
245 1 0 _aإغتيال عياش الكسيبي /
250 _aط2
264 1 _aعمان :
_bدار إبن رشد،
_c1986.
300 _a80ص
650 1 7 _aالشعر الحديث
650 1 7 _aتونس
942 _2ddc
_cBK
999 _c64844
_d64844